Random Brawl Stars Brawlers by Super - Statistics

General Stats
  • This quiz has been taken 999 times
    273 since last reset
  • The average score is 8 of 16
Answer Stats
Hint Answer % Correct
Gale Force! Gale
93%
Moe's Machine; Bail Out Moe
92%
Sandstorm Sandy
92%
Rocket Rain Brock
91%
Spooky Boy Gus
91%
Bullet Storm Colt
89%
Dragon Solo Draco
89%
Bulldozer Bull
88%
Barrel Roll Darryl
88%
Sugar Ray Mandy
88%
Grom Bomb Grom
87%
Choo-Choo! Chuck
86%
Flying Elbow Drop El Primo
84%
Cashback Griff
82%
Scrappy! Jessie
82%
Slashimi Kenji
82%
Jack in the Box Chester
81%
Mama's Kiss Pam
81%
Super Shell Shelly
81%
Torch 'Em! Amber
79%
Cocoon Charlie
79%
Dimensional Doors Gray
76%
Time Warp Finx
75%
Damage Booster 8-Bit
74%
Fish Torpedo Hank
72%
Mecha Machina; Feel the Steel Meg
68%
Big Blob Squeak
67%
Trick Shot Rico
63%
Driven by Revenge (and Ants) Trunk
63%
Iron Hive Bea
60%
Overbearing Nita
60%
Porters! Attack! Mr. P
59%
Knuckle Busters Sam
57%
Little Helpers Ash
56%
Stalker Alli
55%
Star Launcher; Clyde Bonnie
52%
Smoke Bomb Leon
52%
Welcome To The Swamp Angelo
50%
Spitball Bibi
50%
Montage Buster
50%
Time to Collect Colette
50%
Magic Hand Gene
50%
Life Blood Mortis
50%
Hypnotize Ollie
50%
Supply Drop Ruffs
50%
Nitro Boost Stu
50%
Fan Storm; Fist of the Brawl Star Kaze
48%
Carry Me Kit
47%
Sweet Swirl Berry
46%
Catch a Fox Bo
45%
Gravity Tara
45%
Big Barrel o' Boom Dynamike
44%
Let Out Some Steam Pearl
44%
This Is My Domain Cordelius
43%
Hide And Seek; Radar Waves R-T
43%
Call For Backup Larry and Lawrie
41%
Hedge Sprout
41%
Headfirst Tick
40%
Full Treatment Byron
39%
Swoop Crow
38%
Incorporeal Form Shade
38%
Crescendo Janet
36%
Silent Seabed Otis
35%
Poppin' Piper
32%
Encore Poco
32%
Hex Willow
32%
Stunning Blow Frank
31%
Catchy Chorus Melodie
31%
Tailspin Carl
29%
Shockwave Maisie
29%
Sneak Ahead Fang
28%
Old Lobber Penny
27%
Spotter Belle
25%
Let's Go! Max
25%
Stick Around! Spike
24%
Megalomaniac Lola
22%
Critical Success Meeple
21%
Vault Edgar
20%
From the Other Side Juju
19%
Out of Frame Mico
19%
Torpedo Throw Buzz
17%
Can-Do Lou
17%
Party Tricks Surge
17%
Last Call Barley
15%
Holey Moley! Jacky
15%
Manual Override Nani
14%
Strong Stuff Rosa
14%
Torrent Clancy
12%
Flourish Lily
12%
Second Serving Doug
11%
Caustic Charisma Emz
10%
Baby Boom Eve
9%
Mix it Up Jae-Yong
5%
Blast Beat Lumi
5%
No matching quizzes found
Score Distribution
Percent of People with Each Score
Percentile by Number Answered
Your Score History
You have not taken this quiz since the last reset